| 000 | 02390 a2200421 4500 | ||
|---|---|---|---|
| 001 | 23713084 | ||
| 003 | 0000 | ||
| 005 | 20260312114423.0 | ||
| 008 | 240529s2024 nju b 001 0 eng | ||
| 010 | _a 2024024219 | ||
| 020 | _a9781394178766 | ||
| 035 | _a23713084 | ||
| 040 |
_aDNLM/DLC _beng _erda _cDLC _dDLC |
||
| 042 | _apcc | ||
| 050 | 0 | 0 | _aRC 918 .R46 |
| 082 | 0 | 0 |
_a616.6/140231 _223/eng/20240703 |
| 100 | _aEdited by Thomas Nicola | ||
| 245 | 0 | 0 |
_aRenal nursing : _bcare and management of people with kidney disease / _cedited by Nicola Thomas, Helen Noble. |
| 246 | 1 | _aCare and management of people with kidney disease | |
| 250 | _a6th. ed. | ||
| 264 | 1 |
_aHoboken, NJ : _bWiley-Blackwell, _c2024. |
|
| 300 | _ax, 352p. ill. | ||
| 336 |
_atext _btxt _2rdacontent |
||
| 337 |
_aunmediated _bn _2rdamedia |
||
| 338 |
_avolume _bnc _2rdacarrier |
||
| 504 | _aIncludes bibliographical references and index. | ||
| 505 | 0 | _aThe history of kidney dialysis and transplantation / Nicola Thomas -- Applied anatomy and physiology, the kidney disease process, and kidney investigations / Claire Carswell and Stephen O'Neil -- Patient and carer involvement in kidney care, education, and research / Brian Gracey, Linda Gracey, Fiona Loud, and Nicola Thomas -- Emotional well-being / Fiona Murphy -- Acute kidney injury / Marissa Dainton -- Chronic kidney disease and advanced kidney care / Nicola Thomas and Catherine Maina -- Haemodialysis / Catherin Fielding -- Peritoneal dialysis / Sally Punzalan -- Kidney transplantation / Victoria Dunsmore -- Non-dialytic options and a palliative conservative management approach / Helen Noble, Claire Carswell, and Ian Walsh -- Kidney care in infancy, childhood, and early adulthood / Diane Blyton and Shelley Jepson -- Nutrition in kidney disease / Barbara Engel and Pearl Pugh -- Quality improvement and nursing research in kidney care / Nicola Thomas. | |
| 650 | 1 | 2 |
_aKidney Diseases _xnursing |
| 650 | 2 | 2 |
_aRenal Dialysis _xnursing |
| 650 | 2 | 2 |
_aKidney Diseases _xtherapy |
| 650 | 2 | 2 | _aNephrology Nursing |
| 700 | 1 |
_aThomas, Nicola, _eeditor. |
|
| 700 | 1 |
_aNoble, Helen, _d1964- _eeditor. |
|
| 776 | 0 | 8 |
_iOnline version: _tRenal nursing _bSixth edition. _dHoboken, NJ : Wiley-Blackwell, 2024 _z9781394178773 _w(DLC) 2024024220 |
| 906 |
_a7 _bcbc _corignew _d1 _eecip _f20 _gy-gencatlg |
||
| 942 |
_2lcc _cBK |
||
| 999 |
_c44117 _d44117 |
||